| 000 | 02216cam a22005054i 4500 | ||
|---|---|---|---|
| 003 | PE-LiUPU | ||
| 005 | 20250731173508.0 | ||
| 008 | 150616s1995 miua rb 000 0 eng d | ||
| 020 | _a0802801447 | ||
| 035 | _a(Sirsi) i9780802801449 | ||
| 040 |
_aPE-LiUPU _bspa _cPE-LiUPU _erda |
||
| 049 | _aPRUA | ||
| 082 | 0 | 4 |
_a227.207 _bW56 _221 |
| 100 | 1 |
_aWitherington, Ben, _eautor. |
|
| 245 | 1 | 0 |
_aConflict and Community in Corinth : _bA socio-rhetorical commentary on 1 and 2 Corinthians / _cBen Witherington. |
| 264 | 1 |
_aGrand Rapids, Michigan : _bWm. B. Eerdmans Publishing Co., _c1995. |
|
| 300 |
_a492 páginas : _bIlustraciones ; _c23 centímetros |
||
| 336 |
_atext _2rdacontent |
||
| 337 |
_aunmediated _2rdamedia |
||
| 338 |
_avolume _2rdacarrier |
||
| 504 | _aBibliografía en cada capáginas | ||
| 505 | 0 | _aAnálisis de 1 CORINTHIANS: chronology and composition -- Retorical setting -- 2 CORINTHIANS: setting, literary history, and retorical structure -- The need for reconciliation -- The opponents -- Composition and chronology Corinthians. | |
| 526 | _aSEG42 | ||
| 526 | _aSEG41 | ||
| 526 | _aSEG40 | ||
| 526 | _aSEG39 | ||
| 526 | _aP94 | ||
| 526 | _aP87 | ||
| 526 | _aP86 | ||
| 526 | _aP85 | ||
| 526 | _aP77 | ||
| 526 | _aP76 | ||
| 526 | _aP35 | ||
| 630 |
_aBiblia. _pN.T. _pEpístolas de Juan _xComentarios. |
||
| 910 |
_ajck _bjvq _cjck |
||
| 942 |
_2ddc _cBOOK |
||
| 949 |
_a227.207 W56 _wDEWEY _c1 _i39875 _lCCODEBUL1 _mBUL _p20.00 _r0 _sY _tBOOK _u2016-8-22 _xTEOLOGIA _PP35 _0COMPRA _o.STAFF. Colección Teología |
||
| 949 |
_a227.207 W56 _wDEWEY _c1 _i40546 _d2016-1-8 _e2016-1-6 _lCCODEBUL1 _mBUL _n1 _r0 _sY _tBOOK _u2015-6-16 _xTEOLOGIA _zUNKNOWN _0COMPRA _o.STAFF. Colección Teología |
||
| 994 |
_aC0 _bPEPRU |
||
| 596 | _a1 | ||
| 999 |
_a227.207 W56 _wDEWEY _c58332 _i40546 _d58332 _e2016-1-6 _f2021-11-9 _g5 _lCCODEBUL1 _mBUL _n1 _p20.00 _r0 _sY _tBOOK _u2015-6-16 _xTEOLOGIA _PP35 _0COMPRA _o.STAFF. Colección Teología |
||
| 999 |
_a227.207 W56 _wDEWEY _c1 _i39875 _f2021-11-9 _g5 _lCCODEBUL1 _mBUL _p20.00 _r0 _sY _tBOOK _u2016-8-22 _xTEOLOGIA _PP35 _0COMPRA _o.STAFF. Colección General |
||
| 980 |
_81 _gALBERTO SANCHEZ Responsable de Automatización |
||